Japanese Cities Sudden Death - Statistics

General Stats
  • This quiz has been taken 77 times
  • The average score is 6 of 12
Answers on the Grid
Answers color-coded by a green-red scale on the quiz's grid according to % correct below.
Tokyo
Osaka
Henan
Nagasaki
Hokaido
Okinawa
Busan
Nagoya
Jeju
Kumamoto
Hiroshima
Kyushu
Honshu
Niigata
Nigata
Hoyoto
Vladestock
Harbin
Fukuoka
Kobe
Seoul
Kochi
Sochi
Shikou
Honolulu
Pyongyang
Kurume
Shengzhen
Zhengzhou
Sapporo
 
Answer Stats
Answer % Correct
Tokyo
98%
Osaka
82%
Nagasaki
68%
Hiroshima
56%
Nagoya
48%
Kobe
40%
Sapporo
38%
Fukuoka
34%
Kumamoto
32%
Niigata
30%
Kochi
22%
Kurume
16%
No matching quizzes found
Score Distribution
Percent of People with Each Score
Percentile by Number Answered
Your Score History
You have not taken this quiz